003690000a220010900045001000019000002450050000193000056000697730019001259420008001449520090001529990017002421 aPotter, Philip10aSermon : An economy for the fulleness of time aVol. 46, Num 4 (Diciembre, 1996), Páginas 187-1900 tReformed World cANA 001040708HEMaFUSBCbFUSBCd2016-01-26l0o r2016-01-26 00:00:00w2016-01-26yANA c55477d55477